MARC details
| 000 -LEADER |
| fixed length control field |
01016nam a22002297a 4500 |
| 003 - CONTROL NUMBER IDENTIFIER |
| control field |
OSt |
| 005 - DATE AND TIME OF LATEST TRANSACTION |
| control field |
20250819145244.0 |
| 008 - FIXED-LENGTH DATA ELEMENTS--GENERAL INFORMATION |
| fixed length control field |
241007b |||||||| |||| 00| 0 eng d |
| 040 ## - CATALOGING SOURCE |
| Transcribing agency |
0 |
| 082 ## - DEWEY DECIMAL CLASSIFICATION NUMBER |
| Classification number |
DPer 613.705 J826 January-December 2020 v. 91 n. 1-9 |
| 100 ## - MAIN ENTRY--PERSONAL NAME |
| Personal name |
Durden-Myers, Elizabeth J. |
| Relator term |
author. |
| 9 (RLIN) |
62472 |
| 245 ## - TITLE STATEMENT |
| Title |
The embodied nature of physical literacy : |
| Remainder of title |
interconnectedness of lived experience and meaning / |
| Statement of responsibility, etc. |
Elizabeth J. Durden-Myers, E.S Meloche, and Karamjeet K. Dhillon. |
| 260 ## - PUBLICATION, DISTRIBUTION, ETC. (IMPRINT) |
| Place of publication, distribution, etc. |
Virginia ; |
| Name of publisher, distributor, etc. |
American Alliance for Health , |
| Date of publication, distribution, etc. |
March 2020. |
| 300 ## - PHYSICAL DESCRIPTION |
| Extent |
Volume 91, pages 8-16 : |
| Other physical details |
illustration ; |
| Dimensions |
28 cm. |
| 500 ## - GENERAL NOTE |
| General note |
The Journal of Physical Education Recreation & Dance, vol. 91, no. 3, pages 8-16, March 2020. |
| 650 #0 - SUBJECT ADDED ENTRY--TOPICAL TERM |
| Topical term or geographic name as entry element |
Physical education. |
| Source of heading or term |
Physical education. |
| 9 (RLIN) |
50439 |
| 650 #0 - SUBJECT ADDED ENTRY--TOPICAL TERM |
| Topical term or geographic name as entry element |
Motor ability. |
| 9 (RLIN) |
50627 |
| 700 ## - ADDED ENTRY--PERSONAL NAME |
| Personal name |
Durden-Myers, Elizabeth J. |
| Relator term |
author. |
| 9 (RLIN) |
62472 |
| 700 ## - ADDED ENTRY--PERSONAL NAME |
| Personal name |
Meloche, E. S. |
| Relator term |
author. |
| 9 (RLIN) |
66935 |
| 700 ## - ADDED ENTRY--PERSONAL NAME |
| Personal name |
Dhillon, Karamjeet K. |
| Relator term |
author. |
| 9 (RLIN) |
66936 |
| 942 ## - ADDED ENTRY ELEMENTS (KOHA) |
| Source of classification or shelving scheme |
Dewey Decimal Classification |
| Koha item type |
Periodicals |